Statistiques concernant Les 10 clubs de football les plus dépensiers depuis 2011

Cliquez ici pour prendre le quiz!

Statistiques générales

  • Ce quiz a été pris 7 591 fois
  • Le résultat moyen est 9 sur 10

Statistiques - réponses

PlaceDépenses (millions d'€)Club% Correct
2e941,1Paris Saint-Germain
100%
6e622,2FC Barcelone
98%
9e550Real Madrid
98%
1er1 024,1Manchester City
97%
3e916,6Manchester United
95%
4e834,6Chelsea FC
94%
5e750,6Juventus FC
86%
7e602,9Liverpool FC
86%
10e526,4Inter Milan
73%
8e556AS Rome
30%

Distribution des résultats

Percentile par nombre de réponses

% des personnes avec chaque résultat

Votre développement - résultats

Vous n’avez pas pris ce quiz